000 00362pab a2200145 454500
008 180718b2006 xxu||||| |||| 00| 0 eng d
100 _aDev, s. Mahendra
245 _aPolicies and programmes for employment
260 _c2006
300 _ap.1511-516.
362 _a22 Apr
650 _aEmployment
773 _aEconomic and Political Weekly
909 _a69471
999 _c69471
_d69471